[Event "FIDE World Youth U16 Chess Olympiad SLOVAKIA 2016"]
[Site "Poprad Tatry SLOVAKIA"]
[Date "2016.07.24"]
[Round "4"]
[Board "1"]
[White "Bjerre, Jonas"]
[Black "Keinanen, Toivo"]
[Result "1/2-1/2"]
[WhiteElo "2396"]
[BlackElo "2274"]
[PlyCount "104"]
[EventDate "2016.07.22"]
[EventType "team"]
[EventRounds "9"]
[EventCountry "SVK"]
[WhiteTeam "Denmark"]
[BlackTeam "Finland"]

1. e4 e6 2. d4 d5 3. Nd2 c5 4. exd5 Qxd5 5. Ngf3 cxd4 6. Bc4 Qd6 7. O-O Nf6 8.
Nb3 Nc6 9. Nbxd4 Nxd4 10. Nxd4 a6 11. Re1 Qc7 12. Bb3 Bd6 13. Nf5 Bxh2+ 14. Kh1
O-O 15. Nxg7 Rd8 16. Qf3 Kxg7 17. Bh6+ Kg6 18. c3 Nh5 19. Bc1 Bf4 20. g4 Ng3+
21. fxg3 Bxc1 22. Raxc1 b6 23. Qe3 Bb7+ 24. Kh2 Qc5 25. Bc2+ Kg7 26. Qf4 Qd5
27. Re2 Qf3 28. Rf2 Qxf4 29. gxf4 Rd6 30. Rd1 Rxd1 31. Bxd1 Rd8 32. Bc2 h6 33.
Kg3 Bc6 34. f5 exf5 35. gxf5 f6 36. Kf4 Be8 37. Bb3 Bf7 38. Bxf7 Kxf7 39. Ke4
Rd1 40. c4 Ke7 41. Rh2 Kd6 42. Rxh6 Re1+ 43. Kd4 Rd1+ 44. Kc3 Ke5 45. Rh5 Rc1+
46. Kb4 Rc2 47. Kb3 Rd2 48. Rh7 Rd3+ 49. Kb4 a5+ 50. Ka4 Rd2 51. Kb3 Rd3+ 52.
Kc2 Rd6 1/2-1/2

[Event "FIDE World Youth U16 Chess Olympiad SLOVAKIA 2016"]
[Site "Poprad Tatry SLOVAKIA"]
[Date "2016.07.24"]
[Round "4"]
[Board "2"]
[White "Nazarova, Anastasia"]
[Black "Moller, Sophus Mechlenburg"]
[Result "1/2-1/2"]
[WhiteElo "2032"]
[BlackElo "2142"]
[PlyCount "66"]
[EventDate "2016.07.22"]
[EventType "team"]
[EventRounds "9"]
[EventCountry "SVK"]
[WhiteTeam "Finland"]
[BlackTeam "Denmark"]

1. e4 c5 2. Nf3 d6 3. c4 g6 4. d4 cxd4 5. Nxd4 Bg7 6. Nc3 Nc6 7. Be3 Nf6 8. Be2
O-O 9. O-O Nxd4 10. Bxd4 Bd7 11. Rc1 Bc6 12. f3 Nd7 13. Bxg7 Kxg7 14. Qd4+ Kg8
15. Rfd1 Qb6 16. Qxb6 Nxb6 17. Rd2 Rac8 18. Rcd1 Bd7 19. b3 Be6 20. Nb5 a5 21.
Nd4 Rc5 22. f4 Rd8 23. Bf3 a4 24. e5 d5 25. Ne2 Rd7 26. cxd5 Bxd5 27. Bxd5
Rdxd5 28. Rxd5 Nxd5 29. bxa4 e6 30. Rd2 Rc4 31. g3 Rxa4 32. Rb2 b6 33. Kf2 Ra3
 1/2-1/2

[Event "FIDE World Youth U16 Chess Olympiad SLOVAKIA 2016"]
[Site "Poprad Tatry SLOVAKIA"]
[Date "2016.07.24"]
[Round "4"]
[Board "3"]
[White "Kristensen, Bjarke Hautop"]
[Black "Lahdelma, Henri"]
[Result "0-1"]
[WhiteElo "2124"]
[BlackElo "1864"]
[PlyCount "100"]
[EventDate "2016.07.22"]
[EventType "team"]
[EventRounds "9"]
[EventCountry "SVK"]
[WhiteTeam "Denmark"]
[BlackTeam "Finland"]

1. c4 c5 2. g3 g6 3. Bg2 Bg7 4. Nc3 Nc6 5. Nf3 e6 6. d3 Nge7 7. Bg5 h6 8. Bd2
O-O 9. O-O d5 10. Qc1 Kh7 11. cxd5 exd5 12. a3 Be6 13. Rb1 Rc8 14. b3 b6 15.
Qd1 Re8 16. b4 cxb4 17. axb4 Nxb4 18. Rxb4 Bxc3 19. Bxc3 Rxc3 20. Qa1 Qc7 21.
Nd4 Bd7 22. Rb5 Rc8 23. Rbb1 Qb7 24. Qa2 R3c5 25. e4 Be6 26. e5 Nf5 27. Nf3 a6
28. g4 Ne7 29. h3 b5 30. Ra1 Ra8 31. Rfb1 b4 32. Nd4 Nc6 33. Nb3 Rc3 34. d4 a5
35. Nc5 Qa7 36. Qd2 Rc4 37. Rc1 Rxd4 38. Qe3 Rc8 39. Kh2 Rc4 40. Nxe6 Qxe3 41.
Nf8+ Rxf8 42. fxe3 Nxe5 43. Rd1 Rc5 44. Rxd5 Rxd5 45. Bxd5 Rb8 46. Rxa5 Kg7 47.
Bb3 Nf3+ 48. Kg3 Nd2 49. Bd5 b3 50. Bxb3 Rxb3 0-1

[Event "FIDE World Youth U16 Chess Olympiad SLOVAKIA 2016"]
[Site "Poprad Tatry SLOVAKIA"]
[Date "2016.07.24"]
[Round "4"]
[Board "4"]
[White "Aalto, Patrik"]
[Black "Nilssen, Ellen Fredericia"]
[Result "0-1"]
[WhiteElo "1745"]
[BlackElo "1881"]
[PlyCount "115"]
[EventDate "2016.07.22"]
[EventType "team"]
[EventRounds "9"]
[EventCountry "SVK"]
[WhiteTeam "Finland"]
[BlackTeam "Denmark"]

1. e4 e6 2. b3 d5 3. Bb2 dxe4 4. Nc3 Nf6 5. Qe2 Nbd7 6. O-O-O b6 7. Nxe4 Bb7 8.
Nc3 a6 9. d4 Qe7 10. Nf3 O-O-O 11. Kb1 g6 12. h3 Bg7 13. Qe3 Rhe8 14. Bd3 Kb8
15. Rhe1 Ka7 16. g3 Qf8 17. Ne5 c5 18. Nxd7 Nxd7 19. dxc5 Nxc5 20. Ne4 Nxd3 21.
Rxd3 Bxb2 22. Kxb2 Rxd3 23. Qxd3 Rd8 24. Qe3 Bxe4 25. Qxe4 Qg7+ 26. Qe5 Qxe5+
27. Rxe5 Rd2 28. f4 Rg2 29. Re3 Kb7 30. Kc3 Kc6 31. a4 a5 32. Kd3 b5 33. axb5+
Kxb5 34. Kc3 a4 35. bxa4+ Kxa4 36. Re4+ Ka3 37. Re3 Ka2 38. Kd3 Ka3 39. Kc3 Ka4
40. Re4+ Kb5 41. Re5+ Kc6 42. Re3 h6 43. Kd3 g5 44. fxg5 hxg5 45. c4 Kd6 46.
Kd4 f5 47. c5+ Kd7 48. Rc3 Rh2 49. c6+ Kc7 50. Ke5 Rxh3 51. Kxe6 f4 52. gxf4
Rxc3 53. fxg5 Kd8 54. g6 Ke8 55. Kd6 Rg3 56. Kc7 Rxg6 57. Kb7 Rg1 58. c7 0-1

[Event "FIDE World Youth U16 Chess Olympiad SLOVAKIA 2016"]
[Site "Poprad Tatry SLOVAKIA"]
[Date "2016.07.24"]
[Round "4"]
[Board "1"]
[White "Antova, Gabriela"]
[Black "Mirza, Diana"]
[Result "1-0"]
[WhiteElo "2292"]
[BlackElo "1889"]
[PlyCount "87"]
[EventDate "2016.07.22"]
[EventType "team"]
[EventRounds "9"]
[EventCountry "SVK"]
[WhiteTeam "Bulgaria"]
[BlackTeam "Ireland"]

1. d4 f5 2. c4 Nf6 3. g3 e6 4. Bg2 c6 5. Nh3 d5 6. Qc2 Bd6 7. O-O O-O 8. Bf4
Ne4 9. f3 Bxf4 10. Nxf4 Nd6 11. Nd2 Qf6 12. Qd3 g5 13. Nh3 f4 14. e4 fxe3 15.
Qxe3 Nf5 16. Qxg5+ Qxg5 17. Nxg5 Nxd4 18. f4 Nc2 19. Rac1 Ne3 20. Rfe1 Nxg2 21.
Kxg2 Re8 22. cxd5 cxd5 23. Rc7 h6 24. Nh7 Nd7 25. Rxd7 Bxd7 26. Nf6+ Kf7 27.
Nxd7 Rac8 28. Ne5+ Kg7 29. Nd3 h5 30. Re2 Kf6 31. Nf3 b6 32. Nfe5 Rc7 33. h3
Rh8 34. Nf3 Rhc8 35. Nd4 Re7 36. Ne5 a6 37. g4 hxg4 38. hxg4 Rce8 39. g5+ Kg7
40. Nec6 Rc7 41. Rxe6 Rh8 42. Rd6 Rf7 43. Ne5 Rb7 44. Nf5+ 1-0

[Event "FIDE World Youth U16 Chess Olympiad SLOVAKIA 2016"]
[Site "Poprad Tatry SLOVAKIA"]
[Date "2016.07.24"]
[Round "4"]
[Board "2"]
[White "Melaugh, Shane"]
[Black "Yordanov, Lachezar"]
[Result "0-1"]
[WhiteElo "1677"]
[BlackElo "2139"]
[PlyCount "110"]
[EventDate "2016.07.22"]
[EventType "team"]
[EventRounds "9"]
[EventCountry "SVK"]
[WhiteTeam "Ireland"]
[BlackTeam "Bulgaria"]

1. c4 e5 2. Nc3 Nc6 3. g3 d6 4. Bg2 Be6 5. d3 Qd7 6. a3 g6 7. Bg5 h6 8. Bd2 Bg7
9. e4 Nd4 10. Nge2 Bg4 11. h3 Bf3 12. O-O Ne7 13. Be3 Nec6 14. b4 Nxe2+ 15.
Nxe2 Bxg2 16. Kxg2 f5 17. Rb1 g5 18. f3 f4 19. Bf2 fxg3 20. Nxg3 h5 21. Nf5 Bf6
22. Qa4 Rg8 23. Bg3 a6 24. Ra1 Ne7 25. Qxd7+ Kxd7 26. Ne3 c6 27. Rfb1 b5 28.
Rd1 Ke6 29. Rac1 a5 30. Ra1 Rgb8 31. Be1 axb4 32. axb4 Ng6 33. cxb5 Nf4+ 34.
Kg3 cxb5 35. Rac1 Ne2+ 36. Kg2 Nxc1 37. Rxc1 Rc8 38. Rxc8 Rxc8 39. Nd5 Rc2+ 40.
Kg1 Bd8 41. Nc3 Rc1 42. Kf1 g4 43. Ne2 Ra1 44. fxg4 Bh4 45. Kg2 Rxe1 46. Nc3
hxg4 47. hxg4 Re3 48. Nxb5 Rxd3 49. Nc7+ Kd7 50. Nd5 Rg3+ 51. Kh2 Rxg4 52. Kh3
Rxe4 53. b5 Rd4 54. Ne3 Rd3 55. Kxh4 Rxe3 0-1

[Event "FIDE World Youth U16 Chess Olympiad SLOVAKIA 2016"]
[Site "Poprad Tatry SLOVAKIA"]
[Date "2016.07.24"]
[Round "4"]
[Board "3"]
[White "Salimova, Nurgyul"]
[Black "Copeland, Dean"]
[Result "1-0"]
[WhiteElo "2136"]
[BlackElo "1763"]
[PlyCount "105"]
[EventDate "2016.07.22"]
[EventType "team"]
[EventRounds "9"]
[EventCountry "SVK"]
[WhiteTeam "Bulgaria"]
[BlackTeam "Ireland"]

1. d4 d5 2. c4 e6 3. Nc3 Nf6 4. Nf3 Nbd7 5. cxd5 exd5 6. Bg5 Be7 7. e3 c6 8.
Bd3 O-O 9. Qc2 Re8 10. O-O Nf8 11. Rab1 Ne4 12. Bf4 Nxc3 13. bxc3 Bd6 14. Bg3
Bxg3 15. hxg3 Qe7 16. Rfe1 Be6 17. Nd2 Qd7 18. e4 a6 19. Nb3 b5 20. Nc5 Qc7 21.
e5 g6 22. f4 Qc8 23. Rf1 Bf5 24. Bxf5 Qxf5 25. Qxf5 gxf5 26. Nb7 Re6 27. Nd6
Rxd6 28. exd6 Rd8 29. Rfe1 Ne6 30. Re5 Ng7 31. Rbe1 Rxd6 32. Re7 Re6 33. R1xe6
Nxe6 34. Ra7 c5 35. g4 cxd4 36. cxd4 Nxd4 37. gxf5 Nxf5 38. Rxa6 Nd4 39. Kf2
Ne6 40. f5 Nd4 41. f6 h6 42. Rd6 Nc2 43. Rxd5 Nb4 44. Rxb5 Nxa2 45. Rb3 Nc1 46.
Rc3 Na2 47. Rc4 Kh7 48. Ke2 Kg6 49. Kd2 Kxf6 50. Kc2 Kg5 51. Ra4 f5 52. Rxa2
Kg4 53. Ra3 1-0

[Event "FIDE World Youth U16 Chess Olympiad SLOVAKIA 2016"]
[Site "Poprad Tatry SLOVAKIA"]
[Date "2016.07.24"]
[Round "4"]
[Board "4"]
[White "Goss, Alex"]
[Black "Popvasilev, Kaloyan"]
[Result "0-1"]
[WhiteElo "1618"]
[BlackElo "1890"]
[PlyCount "50"]
[EventDate "2016.07.22"]
[EventType "team"]
[EventRounds "9"]
[EventCountry "SVK"]
[WhiteTeam "Ireland"]
[BlackTeam "Bulgaria"]

1. d4 Nf6 2. c4 e6 3. Nf3 d5 4. Nc3 Bb4 5. a3 Bxc3+ 6. bxc3 O-O 7. Bg5 Nbd7 8.
e3 c5 9. Be2 Qa5 10. Qb3 Ne4 11. Rc1 Nxg5 12. Nxg5 cxd4 13. exd4 dxc4 14. Bxc4
Qxg5 15. O-O Nb6 16. Bd3 Bd7 17. f4 Qd5 18. Qc2 f5 19. Rf3 Rac8 20. Re1 Na4 21.
Re5 Qd6 22. Bb5 Bxb5 23. Rxb5 Nxc3 24. Rxb7 Qxd4+ 25. Kf1 Ne4 0-1

[Event "FIDE World Youth U16 Chess Olympiad SLOVAKIA 2016"]
[Site "Poprad Tatry SLOVAKIA"]
[Date "2016.07.25"]
[Round "5"]
[Board "1"]
[White "Maghsoodloo, Parham"]
[Black "Martirosyan, Haik M."]
[Result "1/2-1/2"]
[WhiteElo "2501"]
[BlackElo "2450"]
[PlyCount "81"]
[EventDate "2016.07.22"]
[EventType "team"]
[EventRounds "9"]
[EventCountry "SVK"]
[WhiteTeam "Iran"]
[BlackTeam "Armenia"]

1. d4 Nf6 2. c4 e6 3. Nf3 b6 4. g3 Ba6 5. Qa4 c5 6. Bg2 Bb7 7. O-O cxd4 8. Nxd4
Bxg2 9. Kxg2 Qc8 10. Rd1 Nc6 11. Nxc6 Qxc6+ 12. Qxc6 dxc6 13. b3 Be7 14. Bb2
O-O 15. Nd2 Rad8 16. Nf3 Nd7 17. Rd2 Nb8 18. Rad1 f6 19. Nd4 Kf7 20. f4 Rd7 21.
Kf3 Rfd8 22. Rd3 c5 23. Nc2 Ke8 24. g4 Nc6 25. Bc3 Bd6 26. h4 Bc7 27. Rxd7 Rxd7
28. Rxd7 Kxd7 29. Ke4 Ne7 30. Ne3 Ke8 31. h5 Kf7 32. a3 g6 33. hxg6+ hxg6 34.
f5 Bh2 35. b4 gxf5+ 36. gxf5 Bg1 37. fxe6+ Kxe6 38. Nf1 Bf2 39. Kf3 Bh4 40.
bxc5 bxc5 41. Ne3 1/2-1/2

[Event "FIDE World Youth U16 Chess Olympiad SLOVAKIA 2016"]
[Site "Poprad Tatry SLOVAKIA"]
[Date "2016.07.25"]
[Round "5"]
[Board "2"]
[White "Hakobyan, Aram"]
[Black "Firouzja, Alireza"]
[Result "0-1"]
[WhiteElo "2382"]
[BlackElo "2481"]
[PlyCount "106"]
[EventDate "2016.07.22"]
[EventType "team"]
[EventRounds "9"]
[EventCountry "SVK"]
[WhiteTeam "Armenia"]
[BlackTeam "Iran"]

1. c4 Nf6 2. g3 c5 3. Bg2 g6 4. b3 Bg7 5. Bb2 d6 6. Nf3 e5 7. O-O O-O 8. Nc3
Nc6 9. e3 Bf5 10. d4 exd4 11. exd4 Ne4 12. Nd5 Bg4 13. Ne3 Bxf3 14. Bxf3 cxd4
15. Nd5 Nc5 16. Nf4 Qf6 17. Nd5 Qf5 18. b4 Nd3 19. b5 Nxb2 20. bxc6 Kh8 21. Qb3
bxc6 22. Ne7 Qf6 23. Nxc6 d3 24. Kg2 d2 25. Rab1 Qc3 26. Qb7 Nd3 27. Bd5 Ne1+
28. Kg1 a5 29. Qb6 Qc2 30. Qb3 Qxb3 31. axb3 Bc3 32. Rd1 a4 33. bxa4 Rxa4 34.
Nd4 Bxd4 35. Rxd2 Bc3 36. Re2 Ra1 37. Re3 Ba5 38. Re7 Rb8 39. Rxf7 Rbb1 40. Kh1
Bb6 41. g4 Nd3 42. Rxb1 Rxb1+ 43. Kg2 Ne5 44. Rf8+ Kg7 45. Rg8+ Kf6 46. h3 Rb2
47. Rf8+ Ke7 48. Rb8 Rxf2+ 49. Kg3 Rb2 50. Rb7+ Kf6 51. c5 dxc5 52. h4 h6 53.
Kf4 Rb4+ 0-1

[Event "FIDE World Youth U16 Chess Olympiad SLOVAKIA 2016"]
[Site "Poprad Tatry SLOVAKIA"]
[Date "2016.07.25"]
[Round "5"]
[Board "3"]
[White "Gholami, Aryan"]
[Black "Sargsyan, Shant"]
[Result "1/2-1/2"]
[WhiteElo "2454"]
[BlackElo "2431"]
[PlyCount "191"]
[EventDate "2016.07.22"]
[EventType "team"]
[EventRounds "9"]
[EventCountry "SVK"]
[WhiteTeam "Iran"]
[BlackTeam "Armenia"]

1. c4 Nf6 2. Nc3 c5 3. g3 e6 4. Nf3 b6 5. Bg2 Bb7 6. O-O Be7 7. Re1 Ne4 8. Nxe4
Bxe4 9. d3 Bb7 10. e4 Nc6 11. d4 cxd4 12. Nxd4 Nxd4 13. Qxd4 O-O 14. b3 Qc7 15.
Bb2 Bf6 16. e5 Be7 17. Bxb7 Qxb7 18. Rad1 Rfd8 19. Rd3 Qc6 20. Qg4 b5 21. Red1
Rab8 22. Bc3 Qc7 23. cxb5 Rxb5 24. Qa4 Qc6 25. Qxa7 Rb7 26. Qe3 Ra8 27. Qd2 Kf8
28. Ba5 Qb5 29. Bc3 Qa6 30. Ra1 Qc6 31. Rc1 Qb5 32. Bd4 Bb4 33. Qc2 Ba3 34.
Rcd1 Kg8 35. Rc3 h6 36. Bc5 Bxc5 37. Rxc5 Qb4 38. Rc4 Qb5 39. Qe4 g6 40. Rdc1
Rbb8 41. Rc5 Qa6 42. R1c2 Qb6 43. Qd4 Kg7 44. Qf4 Qd8 45. Rd2 Ra3 46. Qc4 Rba8
47. Rc7 R3a7 48. Rxa7 Rxa7 49. Qc5 Rc7 50. Qd6 Rc1+ 51. Rd1 Rc2 52. a4 Qa8 53.
Qd3 Ra2 54. Qc3 Qe4 55. Qe3 Qc2 56. Rc1 Qf5 57. Qf4 Rc2 58. Rxc2 Qxc2 59. Qf3
Qc1+ 60. Kg2 Qd2 61. Qb7 h5 62. h3 Qa5 63. Qb5 Qa8+ 64. f3 Qa7 65. Qe2 h4 66.
g4 Qc5 67. Qa2 Qa5 68. b4 Qxb4 69. a5 Qc5 70. a6 Qa7 71. Qa1 Kh6 72. Qa3 Kg7
73. Qa5 Kh7 74. Qa4 Kg7 75. Qa3 Kg8 76. Qa5 Kg7 77. Kf1 Qe3 78. a7 Qxf3+ 79.
Ke1 Qe3+ 80. Kd1 Qd3+ 81. Kc1 Qc4+ 82. Kb2 Qe2+ 83. Kb3 Qd3+ 84. Ka4 Qc4+ 85.
Ka3 Qd3+ 86. Kb4 Qe4+ 87. Kb3 Qd3+ 88. Kb2 Qd4+ 89. Kc1 Qc4+ 90. Kd1 Qd3+ 91.
Kc1 Qc4+ 92. Kb2 Qd4+ 93. Kb3 Qd3+ 94. Kb4 Qe4+ 95. Kc5 Qd5+ 96. Kb4 1/2-1/2

[Event "FIDE World Youth U16 Chess Olympiad SLOVAKIA 2016"]
[Site "Poprad Tatry SLOVAKIA"]
[Date "2016.07.25"]
[Round "5"]
[Board "4"]
[White "Mirzoyan, David"]
[Black "Tahbaz, Arash"]
[Result "0-1"]
[WhiteElo "2297"]
[BlackElo "2406"]
[PlyCount "90"]
[EventDate "2016.07.22"]
[EventType "team"]
[EventRounds "9"]
[EventCountry "SVK"]
[WhiteTeam "Armenia"]
[BlackTeam "Iran"]

1. d4 Nf6 2. c4 g6 3. Nc3 Bg7 4. e4 d6 5. f3 O-O 6. Be3 Nc6 7. Nge2 a6 8. Qd2
Na5 9. Nc1 Nd7 10. Nb3 c5 11. dxc5 Nxb3 12. axb3 Nxc5 13. Ra3 b6 14. b4 Nd7 15.
Be2 Bb7 16. O-O a5 17. Nd5 e6 18. Nxb6 Nxb6 19. bxa5 Nd7 20. b4 Ne5 21. b5 d5
22. c5 d4 23. Bg5 f6 24. Bf4 d3 25. Bxd3 Nxd3 26. Rxd3 Qxa5 27. Qxa5 Rxa5 28.
Rb1 f5 29. exf5 Bd5 30. Bd6 Rfa8 31. fxg6 hxg6 32. b6 Ra1 33. Rxa1 Rxa1+ 34.
Kf2 Rb1 35. Ra3 Bd4+ 36. Kg3 Kf7 37. Kg4 Kf6 38. Ra7 e5 39. Be7+ Ke6 40. Rc7
Rb2 41. Bh4 Rxg2+ 42. Kh3 Rb2 43. Re7+ Kf5 44. Rc7 g5 45. Bg3 Be6 0-1

[Event "FIDE World Youth U16 Chess Olympiad SLOVAKIA 2016"]
[Site "Poprad Tatry SLOVAKIA"]
[Date "2016.07.25"]
[Round "5"]
[Board "1"]
[White "Raghunandan, Kaumandur Srihari"]
[Black "Golubov, Saveliy"]
[Result "0-1"]
[WhiteElo "2403"]
[BlackElo "2497"]
[PlyCount "94"]
[EventDate "2016.07.22"]
[EventType "team"]
[EventRounds "9"]
[EventCountry "SVK"]
[WhiteTeam "India"]
[BlackTeam "Russia"]

1. d4 Nf6 2. c4 e6 3. Nc3 Bb4 4. e3 O-O 5. Nge2 d5 6. a3 Bd6 7. Ng3 c6 8. Qc2
Nbd7 9. Be2 dxc4 10. Bxc4 e5 11. Nce4 Nxe4 12. Nxe4 Bc7 13. Ba2 exd4 14. exd4
Nf6 15. Nxf6+ Qxf6 16. Be3 Bf5 17. Qd2 Qd6 18. O-O-O Rfe8 19. Qc3 Be4 20. d5
Bxd5 21. Bxd5 cxd5 22. Kb1 Bb6 23. Bxb6 Qxb6 24. Qd4 Qxd4 25. Rxd4 Re2 26. Rxd5
Rxf2 27. Rhd1 g6 28. R1d2 Rf6 29. Rd7 b6 30. Ka2 a5 31. R7d6 Rxd6 32. Rxd6 Rb8
33. Kb3 b5 34. Kc2 Rc8+ 35. Kd2 Rc5 36. b3 h5 37. Ra6 b4 38. axb4 axb4 39. Rb6
Rg5 40. g3 Rg4 41. Ke3 h4 42. Kf3 f5 43. gxh4 Kg7 44. h5 gxh5 45. Rb5 Kg6 46.
Kf2 Kg5 47. Kf3 Rd4 0-1

[Event "FIDE World Youth U16 Chess Olympiad SLOVAKIA 2016"]
[Site "Poprad Tatry SLOVAKIA"]
[Date "2016.07.25"]
[Round "5"]
[Board "2"]
[White "Esipenko, Andrey"]
[Black "Iniyan, P"]
[Result "1-0"]
[WhiteElo "2477"]
[BlackElo "2346"]
[PlyCount "55"]
[EventDate "2016.07.22"]
[EventType "team"]
[EventRounds "9"]
[EventCountry "SVK"]
[WhiteTeam "Russia"]
[BlackTeam "India"]

1. d4 Nf6 2. c4 g6 3. Nc3 Bg7 4. e4 d6 5. Be2 O-O 6. Bg5 c5 7. d5 h6 8. Be3 e6
9. dxe6 Bxe6 10. Qd2 Nc6 11. Bxh6 Bxh6 12. Qxh6 Nd4 13. Qd2 Qa5 14. Nf3 Nb3 15.
axb3 Qxa1+ 16. Bd1 b5 17. Ng5 b4 18. Ne2 Bd7 19. O-O Qa6 20. Bc2 Rad8 21. f4 d5
22. exd5 Qd6 23. Ng3 Rfe8 24. f5 Ng4 25. fxg6 fxg6 26. N5e4 Qc7 27. Qg5 Kg7 28.
Nf6 1-0

[Event "FIDE World Youth U16 Chess Olympiad SLOVAKIA 2016"]
[Site "Poprad Tatry SLOVAKIA"]
[Date "2016.07.25"]
[Round "5"]
[Board "3"]
[White "Vaishali, R"]
[Black "Lobanov, Sergei"]
[Result "0-1"]
[WhiteElo "2288"]
[BlackElo "2433"]
[PlyCount "60"]
[EventDate "2016.07.22"]
[EventType "team"]
[EventRounds "9"]
[EventCountry "SVK"]
[WhiteTeam "India"]
[BlackTeam "Russia"]

1. e4 c5 2. Nf3 d6 3. d4 cxd4 4. Nxd4 Nf6 5. Nc3 Nc6 6. Bg5 e6 7. Qd2 a6 8.
O-O-O h6 9. Nxc6 bxc6 10. Bf4 d5 11. Qe3 Qa5 12. Be2 Bb4 13. Be5 Bxc3 14. Bxc3
Qxa2 15. Bxf6 gxf6 16. Qc3 Rb8 17. b3 Qa3+ 18. Kb1 Ke7 19. e5 fxe5 20. Qxe5 Bd7
21. Bh5 f6 22. Qg3 Rhg8 23. Qe3 a5 24. Rhe1 a4 25. Qa7 Kd6 26. Qd4 e5 27. Qh4
Rxb3+ 28. cxb3 Qxb3+ 29. Kc1 Qc3+ 30. Kb1 Rb8+ 0-1

[Event "FIDE World Youth U16 Chess Olympiad SLOVAKIA 2016"]
[Site "Poprad Tatry SLOVAKIA"]
[Date "2016.07.25"]
[Round "5"]
[Board "4"]
[White "Sarana, Alexey"]
[Black "Mitrabha, Guha"]
[Result "1/2-1/2"]
[WhiteElo "2422"]
[BlackElo "2227"]
[PlyCount "61"]
[EventDate "2016.07.22"]
[EventType "team"]
[EventRounds "9"]
[EventCountry "SVK"]
[WhiteTeam "Russia"]
[BlackTeam "India"]

1. d4 Nf6 2. c4 e6 3. Nf3 b6 4. g3 Ba6 5. Qc2 Bb7 6. Bg2 c5 7. d5 exd5 8. cxd5
Nxd5 9. O-O Nc6 10. Rd1 Be7 11. e4 Nc7 12. Nc3 O-O 13. Be3 d6 14. a3 Rc8 15. b4
Ne6 16. bxc5 bxc5 17. Rab1 Ncd4 18. Qd3 Ba8 19. Qa6 Bf6 20. Bxd4 cxd4 21. Nd5
Bxd5 22. exd5 Nc5 23. Qxa7 Ra8 24. Qb6 Ne4 25. Qxd8 Rfxd8 26. Rb3 Nc5 27. Rb5
d3 28. Nd2 Rxa3 29. Ne4 Nxe4 30. Bxe4 g6 31. Bxd3 1/2-1/2

[Event "FIDE World Youth U16 Chess Olympiad SLOVAKIA 2016"]
[Site "Poprad Tatry SLOVAKIA"]
[Date "2016.07.25"]
[Round "5"]
[Board "1"]
[White "Macovei, Andrei"]
[Black "Havasi, Gergo"]
[Result "1-0"]
[WhiteElo "2396"]
[BlackElo "2372"]
[PlyCount "101"]
[EventDate "2016.07.22"]
[EventType "team"]
[EventRounds "9"]
[EventCountry "SVK"]
[WhiteTeam "Moldova"]
[BlackTeam "Hungary 1"]

1. e4 c5 2. Nf3 d6 3. d4 cxd4 4. Nxd4 Nf6 5. Nc3 a6 6. Be3 e5 7. Nb3 Be7 8. f3
O-O 9. Qd2 Be6 10. O-O-O a5 11. a4 Nc6 12. g4 Nb4 13. g5 Nh5 14. Kb1 Rc8 15.
Rg1 g6 16. Bb5 Qc7 17. Qf2 Nf4 18. Bxf4 exf4 19. h4 Bxb3 20. cxb3 d5 21. Rge1
Bc5 22. Qh2 d4 23. Nd5 Nxd5 24. exd5 Rfd8 25. h5 Bf8 26. Rxd4 Bg7 27. Rc4 Qd6
28. h6 Rxc4 29. Bxc4 Bf8 30. Qe2 Rd7 31. Qe8 Re7 32. Rxe7 Qxe7 33. Qc8 b6 34.
Qc6 Qd8 35. Kc2 Bd6 36. Bd3 Be5 37. Be4 Kf8 38. Kd3 Ke7 39. Kc4 Bxb2 40. Kb5
Bd4 41. Ka6 Qb8 42. Bd3 Qd8 43. Bb5 Kf8 44. d6 Bc5 45. d7 Be7 46. Qd5 Bxg5 47.
Bc4 Ke7 48. Qxg5+ Kxd7 49. Bb5+ Kc7 50. Qxd8+ Kxd8 51. Kxb6 1-0

[Event "FIDE World Youth U16 Chess Olympiad SLOVAKIA 2016"]
[Site "Poprad Tatry SLOVAKIA"]
[Date "2016.07.25"]
[Round "5"]
[Board "2"]
[White "Kozak, Adam"]
[Black "Schitco, Ivan"]
[Result "1-0"]
[WhiteElo "2364"]
[BlackElo "2148"]
[PlyCount "153"]
[EventDate "2016.07.22"]
[EventType "team"]
[EventRounds "9"]
[EventCountry "SVK"]
[WhiteTeam "Hungary 1"]
[BlackTeam "Moldova"]

1. d4 d5 2. c4 dxc4 3. Nf3 Nf6 4. e3 Bg4 5. Bxc4 e6 6. Nc3 a6 7. h3 Bh5 8. g4
Bg6 9. Ne5 Nbd7 10. Nxg6 hxg6 11. Qf3 b5 12. Bf1 c5 13. Bg2 Ra7 14. O-O cxd4
15. exd4 b4 16. Ne4 Be7 17. Nxf6+ Nxf6 18. Qc6+ Qd7 19. Be3 Nd5 20. Rac1 Qxc6
21. Rxc6 Kd7 22. Rfc1 Bd6 23. Bf1 a5 24. Kg2 Rb8 25. Kf3 Rh8 26. Bd2 a4 27. Bb5
Ke7 28. h4 a3 29. b3 Nc3 30. Bxc3 bxc3 31. R1xc3 Rxh4 32. Rc1 Ra8 33. d5 Rh3+
34. Kg2 Rh2+ 35. Kf3 e5 36. Rc8 Rxc8 37. Rxc8 f5 38. Re8+ Kf7 39. Re6 e4+ 40.
Ke2 Bg3 41. Be8+ Kg8 42. Bxg6 Rxf2+ 43. Kd1 fxg4 44. d6 Bh4 45. Re8+ Rf8 46. d7
g3 47. Bxe4 g6 48. b4 Kg7 49. Kc2 g2 50. Bxg2 Rf2+ 51. Kb3 Rxg2 52. d8=Q Bxd8
53. Rxd8 Rg3+ 54. Ka4 Rg1 55. Kxa3 g5 56. Ka4 g4 57. Kb5 g3 58. Rd4 Kf6 59. Rg4
Kf5 60. Rg8 Kf4 61. a4 Rh1 62. Rf8+ Ke4 63. Re8+ Kf4 64. Rf8+ Ke4 65. Rg8 Kf4
66. Ka6 Rh6+ 67. Ka5 Rh5+ 68. b5 Rg5 69. Rf8+ Ke5 70. Rf1 g2 71. Rg1 Kd5 72.
Ka6 Kc5 73. b6 Kb4 74. b7 Ra5+ 75. Kb6 Kxa4 76. b8=Q Rb5+ 77. Kc7 1-0

[Event "FIDE World Youth U16 Chess Olympiad SLOVAKIA 2016"]
[Site "Poprad Tatry SLOVAKIA"]
[Date "2016.07.25"]
[Round "5"]
[Board "3"]
[White "Cojocari, Dmitri"]
[Black "Marjanovics, Annamaria"]
[Result "0-1"]
[WhiteElo "2051"]
[BlackElo "2366"]
[PlyCount "68"]
[EventDate "2016.07.22"]
[EventType "team"]
[EventRounds "9"]
[EventCountry "SVK"]
[WhiteTeam "Moldova"]
[BlackTeam "Hungary 1"]

1. e4 e5 2. Nf3 Nc6 3. Bc4 d6 4. d4 exd4 5. Nxd4 g6 6. Nxc6 bxc6 7. Qd4 Qf6 8.
c3 Qxd4 9. cxd4 Bg7 10. Be3 c5 11. e5 cxd4 12. Bxd4 Ne7 13. O-O Be6 14. Nd2 Nf5
15. Bc3 Bxc4 16. Nxc4 d5 17. Na5 d4 18. Bb4 Kd7 19. Rfe1 Rhb8 20. Ba3 Rb5 21.
Nc4 Ke6 22. f4 h5 23. Kf2 Bh6 24. g3 g5 25. Re4 gxf4 26. gxf4 Rg8 27. Rg1 Rxg1
28. Kxg1 Rd5 29. b3 Nh4 30. Bb2 Kf5 31. Rxd4 Rxd4 32. Bxd4 Nf3+ 33. Kf2 Nxd4
34. Ke3 Ne6 0-1

[Event "FIDE World Youth U16 Chess Olympiad SLOVAKIA 2016"]
[Site "Poprad Tatry SLOVAKIA"]
[Date "2016.07.25"]
[Round "5"]
[Board "4"]
[White "Marosi, Levente"]
[Black "Martinovici, Ilie"]
[Result "1-0"]
[WhiteElo "2316"]
[BlackElo "2097"]
[PlyCount "53"]
[EventDate "2016.07.22"]
[EventType "team"]
[EventRounds "9"]
[EventCountry "SVK"]
[WhiteTeam "Hungary 1"]
[BlackTeam "Moldova"]

1. e4 e5 2. Nf3 Nc6 3. Nc3 Nf6 4. Be2 Bc5 5. Nxe5 Nxe5 6. d4 Bd6 7. dxe5 Bxe5
8. Nb5 a6 9. f4 axb5 10. fxe5 Nxe4 11. Qd5 Ng5 12. O-O Ne6 13. Qxb5 O-O 14. Be3
b6 15. Qb4 Ra5 16. Qe4 Ba6 17. Bxa6 Rxa6 18. a3 Qe7 19. Rad1 Ra5 20. Bd2 Qc5+
21. Rf2 Qd5 22. Qe1 Rb5 23. a4 Rxb2 24. Bc3 Qa2 25. Ra1 Rb1 26. Rxa2 Rxe1+ 27.
Bxe1 1-0